|
|
|
|
| LEADER |
00000nam a22000007a 4500 |
| 005 |
2015080306006.0 |
| 007 |
cr|||| |||| |
| 008 |
150803c99992010sp ||||s |||| 0|||b1spa d |
| 022 |
|
|
|a 100925163
|
| 035 |
|
|
|a 12775
|
| 040 |
|
|
|a vLex
|
| 090 |
|
|
|c 5494
|d 5494
|
| 245 |
0 |
0 |
|a Revista Espaǫla de Derecho Internacional
|h [Recurso electrn̤ico]
|
| 256 |
|
|
|a Servicio en ln̕ea
|
| 260 |
|
|
|a Madrid :
|b Marcial Pons,
|c 2010 -
|
| 300 |
|
|
|a 1 recurso electrn̤ico
|
| 506 |
0 |
|
|a Contenido disponible en los productos indicados
|d vLex Global
|d vLex Global (Academic Edition, excluding Law Schools)
|d vLex Global (U.S. Academic Edition, Law Schools)
|d vLex Global (U.S. Academic Edition, excluding Law Schools)
|d vLex Global (Academic Edition, Law Schools)
|
| 650 |
0 |
4 |
|a Derecho internacional
|
| 740 |
0 |
|
|a vLex Revistas (Servicio en ln̕ea)
|
| 856 |
4 |
0 |
|u http://vlex.com/source/revista-espa-ola-derecho-internacional-12775
|z Acceso restringido
|
| 942 |
|
|
|c REV
|
| 999 |
0 |
|
|a International law
|